Statistics for World Capitals Closest to Islamabad

Click here to take the quiz!

General Stats

  • This quiz has been taken 89 times
  • The average score is 16 of 20

Answer Stats

kmcapitalmiles% Correct
689New Delhi428
98%
370Kabul230
94%
1990Tehran1237
92%
2652Baghdad1648
84%
2184Baku1357
84%
1346Kathmandu837
83%
911Tashkent566
81%
2279Doha1416
80%
2625Yerevan1631
80%
2013Dhaka1251
78%
1945Astana1208
77%
2627Tbilisi1632
77%
2083Abu Dhabi1294
73%
1404Ashgabat873
73%
660Dushanbe410
72%
2422Kuwait City1505
72%
2314Manama1438
72%
1030Bishkek640
70%
1727Thimphu1073
67%
1816Muscat1128
66%

Score Distribution

Percentile by Number Answered

Percent of People with Each Score

Your Score History

You have not taken this quiz